000 00928nam0a2200301 4500
001 RU\NLR\bibl\1202220
005 20250615102108.0
010 _a978-5-699-24842-1
_93000
021 _aRU
_b2008-3555
_9187
035 _a(NLR Aleph) 001188716
090 _a1703629
_c1703629
100 _a20080317d2007 |||y0rusy50 ca
101 1 _arus
_cund
102 _aRU
105 _ay |||||||||
200 1 _aПисьма живого усопшего
_e[перевод]
_fЭ. Баркер
210 _aМосква
_cЭксмо
_d2007
215 _a218, [1] с.
_d17
225 1 _aЖемчужины мудрости
320 _aБиблиогр.: с. 208-217
606 1 _aЗагробная жизнь
_9909499
_3RU\NLR\auth\6612202
686 _aЭ242.227
700 1 _aБаркер
_bЭ.
_gЭлен
_4070
801 0 _aRU
_bNLR
_c20080317
_gRCR
801 1 _aRU
_bNLR
_c20080317
942 _cBOOK
980 _aNB